| 000 | 01365cam a2200349 a 4500 | ||
|---|---|---|---|
| 001 | 2106123 | ||
| 003 | OSt | ||
| 005 | 20230507162940.0 | ||
| 008 | 960404s1996 enkabf b s001 0 eng | ||
| 010 | _a 96017679 | ||
| 020 | _a0852552408 (J. Currey : cloth : alk. paper) | ||
| 020 | _a0852552394 (J. Currey : paper : alk. paper) | ||
| 020 | _a082141156X (Ohio University Press : cloth : alk. paper) | ||
| 020 | _a0821411578 (Ohio University Press : paper : alk. paper) | ||
| 040 |
_aDLC _cDLC _dDLC |
||
| 043 | _af-ke--- | ||
| 050 | 0 | 0 |
_aHD2346.K4 _bK563 1996 |
| 082 | 0 | 0 |
_a330 _220 |
| 100 | 1 |
_aKing, Kenneth, _d1940- |
|
| 245 | 1 | 0 |
_aJua kali Kenya : _bchange & development in an informal economy, 1970-95 / _cKenneth King. |
| 260 |
_aLondon : _bJ. Currey ; _aNairobi : _bEAEP ; _aAthens : _bOhio University Press, _c1996. |
||
| 300 |
_axx, 236 p., [8] p. of plates : _bill. (some col.), maps ; _c23 cm. |
||
| 490 | 1 | _aEastern African studies | |
| 504 | _aIncludes bibliographical references (p. 206-227) and index. | ||
| 650 | 0 |
_aInformal sector (Economics) _zKenya. |
|
| 650 | 0 |
_aArtisans _zKenya. |
|
| 650 | 0 |
_aSmall business _zKenya. |
|
| 830 | 0 | _aEastern African studies (London, England) | |
| 906 |
_a7 _bcbc _corignew _d1 _eocip _f19 _gy-gencatlg |
||
| 942 |
_2ddc _cBK |
||
| 999 |
_c4 _d4 |
||